Money sense : getting smart with your money.
| Published: |
Kuala Lumpur:
AKPK,
2008.
|
|---|---|
| Subjects: |
| LEADER | 00431cam a2200145 7i4500 | ||
|---|---|---|---|
| 001 | 0000041025 | ||
| 005 | 20120604090000.0 | ||
| 020 | |a 9789834400408 (pbk.) | ||
| 090 | 0 | 0 | |a HG179 |b .M66 2008 |
| 245 | 0 | 0 | |a Money sense : |b getting smart with your money. |
| 260 | |a Kuala Lumpur: |b AKPK, |c 2008. | ||
| 300 | |a 138 p.: |b 23 cm. | ||
| 650 | 0 | 0 | |a Finance, Personal |
| 650 | 0 | 0 | |a Budgets, Personal |
| 999 | |a 0000047846 |b BOK |c OPEN SHELF |e 1st Floor, Bestari Jaya | ||


